| 000 | 00429nam a2200169Ia 4500 | ||
|---|---|---|---|
| 008 | 180207s9999 xx 000 0 und d | ||
| 020 | _a978862902 | ||
| 050 | _bC188 2006 | ||
| 100 | _aCampbell, Lois | ||
| 245 | _aOddie finds a friend / | ||
| 245 | _cLois Campbell ; illustrated by Tiffany Berg. | ||
| 260 | _aTigard, OR : | ||
| 260 | _c2006 | ||
| 300 | _a26 pages : | ||
| 300 | _bcolor illustration ; | ||
| 300 | _c25cm. | ||
| 999 |
_c355336 _d355336 |
||